[Event "27th ECC Women 2023"]
[Site "Durres ALB"]
[Date "2023.10.05"]
[Round "5.4"]
[Board "4"]
[White "Gajcin, Marina"]
[Black "Gaal, Zsoka"]
[Result "0-1"]
[WhiteTitle "WGM"]
[BlackTitle "WIM"]
[WhiteElo "2225"]
[BlackElo "2305"]
[WhiteTeam "MSK Centar Asseco See"]
[BlackTeam "Garuda Ajka BSK"]
[WhiteFideId "949086"]
[BlackFideId "777765"]
[EventDate "2023.10.01"]

1. e4 e5 2. Nf3 Nc6 3. Bb5 a6 4. Ba4 Nf6 5. O-O Be7 6. Re1 b5 7. Bb3 d6 8. c3
O-O 9. h3 Bb7 10. d4 Re8 11. a4 Bf8 12. Nbd2 h6 13. d5 Nb8 14. Nf1 c6 15. dxc6
Bxc6 16. Ng3 Nbd7 17. Bc2 Nc5 18. b4 Nxa4 19. Bxa4 bxa4 20. c4 Qb6 21. Ba3 Rac8
22. Nd2 g6 23. Rb1 h5 24. Qf3 Nh7 25. Qd3 Ng5 26. Ne2 Ne6 27. Nf1 Ng5 28. Nd2 h4
29. c5 dxc5 30. bxc5 Qa7 31. Nc3 Ne6 32. Nd5 Bxd5 33. exd5 Nxc5 34. Bxc5 Bxc5
35. Ne4 Kg7 36. d6 Bd4 37. Rec1 Qd7 38. Qxa6 Ra8 39. Qe2 a3 40. Rc2 Qe6 41. Ng5
Qf5 42. Rb7 Qxg5 43. Rcc7 Rf8 44. Qa2 Qf5 45. d7 Qxf2+ 46. Qxf2 Bxf2+ 47. Kxf2
a2 48. d8=Q Rfxd8 49. Rxf7+ Kh6 50. Rb4 Rd4 0-1

[Event "27th ECC Women 2023"]
[Site "Durres ALB"]
[Date "2023.10.05"]
[Round "5.5"]
[Board "1"]
[White "Guichard, Pauline"]
[Black "Muzychuk, Mariya"]
[Result "0-1"]
[WhiteTitle "IM"]
[BlackTitle "GM"]
[WhiteElo "2358"]
[BlackElo "2519"]
[WhiteTeam "Asnieres - Le Grand Echiquier"]
[BlackTeam "Monte Carlo"]
[WhiteFideId "639370"]
[BlackFideId "14114550"]
[EventDate "2023.10.01"]

1. d4 Nf6 2. c4 e6 3. Nc3 Bb4 4. e3 O-O 5. Bd3 c5 6. Ne2 d5 7. cxd5 cxd4 8. exd4
Nxd5 9. O-O Nc6 10. a3 Be7 11. Bc2 b6 12. Qd3 g6 13. Bh6 Re8 14. Ba4 Bb7 15.
Rac1 Rc8 16. Rfd1 a6 17. b4 Bg5 18. Bxg5 Qxg5 19. Nxd5 Qxd5 20. Nc3 Qg5 21. Qe3
Qxe3 22. fxe3 Red8 23. Bb3 Ne7 24. Na4 Bd5 25. Bxd5 Nxd5 26. Kf2 f5 27. Ke2 Kf7
28. Kd3 e5 29. Nc3 Nxc3 30. Rxc3 Rxc3+ 31. Kxc3 Ke6 32. Kd3 Rc8 33. h4 Kd5 34.
dxe5 Kxe5 35. Ke2 Ke6 36. Kf3 Rc3 37. Rd8 Rxa3 38. Rb8 b5 39. Rh8 h5 40. Rg8 Kf7
41. Rb8 Ra4 42. Rb7+ Kf6 43. Rb6+ Kg7 44. g3 Rxb4 45. Rxa6 Rg4 46. Re6 Kf7 47.
Re5 b4 48. Rd5 Ke6 49. Rd8 Ke5 50. Rd7 Rc4 51. Ke2 Rc1 52. Rb7 Rb1 53. Rb6 b3
54. Kd3 b2 55. Rb5+ Ke6 56. Rb6+ Kd5 57. Rb5+ Kc6 58. Rb8 Rd1+ 59. Kc2 b1=Q+ 0-1

[Event "27th ECC Women 2023"]
[Site "Durres ALB"]
[Date "2023.10.05"]
[Round "5.5"]
[Board "2"]
[White "Muzychuk, Anna"]
[Black "Gaponenko, Inna"]
[Result "1-0"]
[WhiteTitle "GM"]
[BlackTitle "IM"]
[WhiteElo "2510"]
[BlackElo "2332"]
[WhiteTeam "Monte Carlo"]
[BlackTeam "Asnieres - Le Grand Echiquier"]
[WhiteFideId "14111330"]
[BlackFideId "14101181"]
[EventDate "2023.10.01"]

1. e4 e6 2. d4 d5 3. Nc3 dxe4 4. Nxe4 Nd7 5. Nf3 Ngf6 6. Nxf6+ Nxf6 7. g3 Bd7 8.
Ne5 Be7 9. Bg2 Rb8 10. O-O O-O 11. c4 Be8 12. Be3 Nd7 13. Nd3 b5 14. b3 bxc4 15.
bxc4 Nb6 16. Rc1 Qc8 17. Qe2 Qa6 18. d5 Qc8 19. Bd4 Bd7 20. c5 Na4 21. d6 1-0

[Event "27th ECC Women 2023"]
[Site "Durres ALB"]
[Date "2023.10.05"]
[Round "5.5"]
[Board "3"]
[White "Iglesias, Yosha"]
[Black "Khademalsharieh, Sarasadat"]
[Result "1/2-1/2"]
[WhiteTitle "FM"]
[BlackTitle "IM"]
[WhiteElo "2259"]
[BlackElo "2476"]
[WhiteTeam "Asnieres - Le Grand Echiquier"]
[BlackTeam "Monte Carlo"]
[WhiteFideId "637823"]
[BlackFideId "12512214"]
[EventDate "2023.10.01"]

1. d4 d5 2. Nf3 Nf6 3. Bf4 e6 4. e3 c5 5. Nbd2 cxd4 6. exd4 Qb6 7. Nb3 Bd7 8. a4
Bd6 9. a5 Qc7 10. Bxd6 Qxd6 11. Bd3 Bc6 12. Ne5 Nbd7 13. Nxd7 Nxd7 14. O-O O-O
15. Re1 Rae8 16. Qh5 g6 17. Qh4 Qb4 18. Qg3 Ba4 19. Nc5 Nxc5 20. dxc5 Bc6 21. h4
Qxc5 22. h5 Qe7 23. f4 Kh8 24. hxg6 fxg6 25. Re5 Qc5+ 26. Kh2 Rf6 27. a6 b6 28.
Rae1 Qf8 29. Qg5 Bd7 30. g3 Kg7 31. Rh1 Re7 32. Kg2 Kg8 33. Rhe1 Ref7 34. R5e2
Qc5 35. Qe5 Rf8 36. c3 Bb5 37. b4 Qc6 38. Bxb5 Qxb5 39. Qd6 Qxa6 40. Rxe6 Qa2+
41. Kh3 R6f7 42. Re8 Qc4 43. Rxf8+ Rxf8 44. Re7 Qf1+ 45. Kh2 Qf2+ 46. Kh3 Qf1+ 1/2-1/2

[Event "27th ECC Women 2023"]
[Site "Durres ALB"]
[Date "2023.10.05"]
[Round "5.5"]
[Board "4"]
[White "Paehtz, Elisabeth"]
[Black "Belluire, Beatrice"]
[Result "1-0"]
[WhiteTitle "GM"]
[WhiteElo "2484"]
[BlackElo "1999"]
[WhiteTeam "Monte Carlo"]
[BlackTeam "Asnieres - Le Grand Echiquier"]
[WhiteFideId "4641833"]
[BlackFideId "26017296"]
[EventDate "2023.10.01"]

1. e4 e5 2. Nf3 Nc6 3. Bb5 a6 4. Ba4 Nf6 5. Nc3 d6 6. d4 b5 7. dxe5 dxe5 8.
Qxd8+ Nxd8 9. Bb3 Bd6 10. Bg5 O-O 11. O-O-O Bb7 12. Bxf6 gxf6 13. Bd5 Rc8 14.
Bxb7 Nxb7 15. Nd5 Kg7 16. Nh4 Rfe8 17. Nf5+ Kh8 18. Nxf6 Re6 19. Ng4 Kg8 20. Rd3
Kf8 21. Rh3 Kg8 22. Rd1 Rd8 23. Nfh6+ Kg7 24. Nf5+ Kg8 25. Rdd3 Rg6 26. Rdg3 Kh8
27. Ngh6 Rxg3 28. Rxg3 Rf8 29. Rg8+ 1-0

[Event "27th ECC Women 2023"]
[Site "Durres ALB"]
[Date "2023.10.05"]
[Round "5.6"]
[Board "1"]
[White "Atalik, Ekaterina"]
[Black "Doluhanova, Evgeniya"]
[Result "1-0"]
[WhiteTitle "IM"]
[BlackTitle "WGM"]
[WhiteElo "2394"]
[BlackElo "2230"]
[WhiteTeam "Gokturk Chess Sport Club"]
[BlackTeam "Panevezys"]
[WhiteFideId "4130189"]
[BlackFideId "14112035"]
[EventDate "2023.10.01"]

1. c4 Nf6 2. Nc3 e5 3. d3 d5 4. cxd5 Nxd5 5. e4 Nb6 6. Nf3 Nc6 7. Be3 Be7 8. Be2
Be6 9. O-O O-O 10. a3 Bf6 11. Rc1 h6 12. Na4 Nxa4 13. Qxa4 a6 14. Qc2 Rc8 15. b4
Qd7 16. h3 Rfd8 17. Qb2 Nd4 18. Bxd4 exd4 19. Nh2 Be7 20. f4 f6 21. Bh5 Qa4 22.
Bd1 Qe8 23. Nf3 c5 24. f5 Bf7 25. bxc5 Qb5 26. Qxb5 axb5 27. Rb1 Rxc5 28. Bb3 b6
29. Rfd1 Rc6 30. Bxf7+ Kxf7 31. Rxb5 Bxa3 32. Ra1 Bc5 33. Ra7+ Kg8 34. Nd2 Rcc8
35. Rb2 Ra8 36. Rba2 Rxa7 37. Rxa7 Bb4 38. Nb3 Rc8 39. Kf1 Bc5 40. Rd7 Kf8 41.
Nxd4 Ke8 42. Rd5 Ke7 43. Ne6 g5 44. Ke2 Bg1 45. d4 Rc2+ 46. Kd3 Rxg2 47. Rb5 h5
48. Rxb6 g4 49. hxg4 h4 50. Kc4 Rxg4 51. Kd5 Kf7 52. Rb8 h3 53. Rh8 Rg8 54. Rh7+ 1-0

[Event "27th ECC Women 2023"]
[Site "Durres ALB"]
[Date "2023.10.05"]
[Round "5.6"]
[Board "2"]
[White "Martynkova, Olena"]
[Black "Rakhmangulova, Anastasiya"]
[Result "1/2-1/2"]
[WhiteTitle "WIM"]
[BlackTitle "WIM"]
[WhiteElo "2229"]
[BlackElo "2354"]
[WhiteTeam "Panevezys"]
[BlackTeam "Gokturk Chess Sport Club"]
[WhiteFideId "14134039"]
[BlackFideId "14117479"]
[EventDate "2023.10.01"]

1. d4 d5 2. Nf3 Nf6 3. c4 c6 4. Nc3 e6 5. e3 Nbd7 6. Qc2 Bd6 7. Bd3 O-O 8. O-O
dxc4 9. Bxc4 b5 10. Be2 Bb7 11. Rd1 Qe7 12. h3 b4 13. Na4 c5 14. dxc5 Nxc5 15.
Rxd6 Nxa4 16. Rd4 Nb6 17. Bd2 a5 18. Ne5 Rfc8 19. Qd1 Qc7 20. Nc4 e5 21. Nxb6
Qxb6 22. Rc4 Rd8 23. Bf3 e4 24. Be2 Ba6 25. Rc2 Bd3 26. Bxd3 Rxd3 27. Qe2 Rad8
28. Be1 Qe6 29. Rc5 R8d5 30. Rxd5 Qxd5 31. Qc2 h5 32. Rc1 Nd7 33. b3 Kh7 34. Kf1
Qf5 35. Ke2 Qg6 36. Kf1 Qf5 37. Ke2 Ne5 38. Qc5 Qg5 39. Qxa5 Qxg2 40. Qxe5 Qf3+
41. Kf1 Qh1+ 42. Ke2 Qf3+ 43. Kf1 Qh1+ 44. Ke2 1/2-1/2

[Event "27th ECC Women 2023"]
[Site "Durres ALB"]
[Date "2023.10.05"]
[Round "5.6"]
[Board "3"]
[White "Demeter, Dorina"]
[Black "Zaksaite, Salomeja"]
[Result "1-0"]
[WhiteTitle "WFM"]
[BlackTitle "WIM"]
[WhiteElo "2115"]
[BlackElo "2217"]
[WhiteTeam "Gokturk Chess Sport Club"]
[BlackTeam "Panevezys"]
[WhiteFideId "778079"]
[BlackFideId "12801496"]
[EventDate "2023.10.01"]

1. Nf3 Nf6 2. g3 b5 3. Bg2 Bb7 4. d4 e6 5. a4 b4 6. Nbd2 Be7 7. O-O O-O 8. Nb3
a5 9. c4 d6 10. Bg5 Nbd7 11. Qc2 Ne4 12. Be3 Qb8 13. Rfd1 f5 14. d5 e5 15. Ne1
Nec5 16. Nxc5 Nxc5 17. Bxc5 dxc5 18. Nd3 Bd6 19. e4 g6 20. Re1 Re8 21. Bh3 c6
22. exf5 e4 23. fxg6 exd3 24. Qxd3 cxd5 25. Be6+ Kg7 26. Bxd5 Be5 27. gxh7 Qd6
28. Re4 Bxd5 29. cxd5 Bxb2 30. h8=Q+ Kxh8 31. Rh4+ Kg8 32. Qh7+ Kf8 33. Rb1 Bg7
34. Rf4+ Qxf4 35. gxf4 c4 36. d6 c3 37. d7 Red8 38. Qf5+ Kg8 39. Re1 c2 40. Qxc2
Rxd7 41. Qc4+ Rf7 42. Re7 Rf8 43. Ra7 Bc3 44. Rxa5 Kh8 45. Rh5+ Kg7 46. Rg5+ Kh8
47. Qe6 Rg7 48. a5 Rf6 49. Qc8+ Kh7 50. Rxg7+ Kxg7 51. a6 Rf7 52. Qc5 Rf6 53.
Qe7+ Kg6 54. Qxf6+ 1-0

[Event "27th ECC Women 2023"]
[Site "Durres ALB"]
[Date "2023.10.05"]
[Round "5.6"]
[Board "4"]
[White "Kantane, Anna"]
[Black "Aydin, Gulenay"]
[Result "0-1"]
[WhiteTitle "WIM"]
[BlackTitle "WFM"]
[WhiteElo "2260"]
[BlackElo "2143"]
[WhiteTeam "Panevezys"]
[BlackTeam "Gokturk Chess Sport Club"]
[WhiteFideId "1135988"]
[BlackFideId "34557431"]
[EventDate "2023.10.01"]

1. e4 d6 2. d4 Nf6 3. Nc3 e5 4. Nf3 Nbd7 5. Bc4 Be7 6. O-O O-O 7. Re1 c6 8. a4
h6 9. a5 Re8 10. h3 Qc7 11. Nh4 Nf8 12. dxe5 dxe5 13. Qf3 Be6 14. Bd3 b5 15. Ne2
Ng6 16. Nxg6 fxg6 17. Qg3 Kh7 18. f4 Nh5 19. Qf3 exf4 20. e5 Bc5+ 21. Kh2 Bc4
22. Nxf4 Nxf4 23. Bxf4 Bxd3 24. Qxd3 Bb4 25. c3 Bxa5 26. h4 Bb6 27. h5 Re6 28.
hxg6+ Rxg6 29. Qe4 Re8 30. Rad1 Re6 31. Rd3 Qe7 32. Red1 Bc7 33. Rg3 Qh4+ 34.
Rh3 Qxf4+ 35. Qxf4 Bxe5 36. Qxe5 Rxe5 37. Ra1 Re2 38. Rg3 Rxg3 39. Kxg3 Rxb2 40.
Rxa7 Rb3 41. Kf4 Rxc3 42. Rb7 Rc4+ 43. Kf5 b4 44. Ke6 c5 0-1

[Event "27th ECC Women 2023"]
[Site "Durres ALB"]
[Date "2023.10.05"]
[Round "5.7"]
[Board "1"]
[White "Houska, Jovanka"]
[Black "Dolgova, Olga"]
[Result "1-0"]
[WhiteTitle "IM"]
[BlackTitle "WIM"]
[WhiteElo "2340"]
[BlackElo "2242"]
[WhiteTeam "Wood Green"]
[BlackTeam "Offerspill Chess Club"]
[WhiteFideId "405094"]
[BlackFideId "4158296"]
[EventDate "2023.10.01"]

1. d4 d5 2. c4 c6 3. Nf3 Nf6 4. e3 e6 5. Qc2 Be7 6. Nbd2 Nbd7 7. Bd3 h6 8. O-O
O-O 9. b3 c5 10. Bb2 b6 11. e4 dxe4 12. Nxe4 Bb7 13. Rad1 Qc7 14. dxc5 bxc5 15.
Rfe1 Nxe4 16. Bxe4 Bxe4 17. Qxe4 Bf6 18. Bc1 Rad8 19. Bf4 Qc8 20. Bd6 Rfe8 21.
Rd3 Be7 22. Bxe7 Rxe7 23. Red1 Rde8 24. Ne5 Nxe5 25. Qxe5 f6 26. Qe3 Qc7 27. h4
Qa5 28. R1d2 Qc7 29. Rd6 Kf7 30. h5 Kg8 31. Qe4 a5 32. a4 Qb7 33. Qe3 Qc7 34.
R2d3 Kf7 35. Qe4 Kg8 36. g3 Qc8 37. Kh2 Qc7 38. Qc6 Qa7 39. Rd7 Rxd7 40. Rxd7
Qb8 41. Qxc5 Qxb3 42. Qa7 Qc2 43. Rxg7+ Kh8 44. Rg6 Re7 45. Qb8+ 1-0

[Event "27th ECC Women 2023"]
[Site "Durres ALB"]
[Date "2023.10.05"]
[Round "5.7"]
[Board "2"]
[White "Ni, Viktorija"]
[Black "Yao, Lan"]
[Result "0-1"]
[WhiteTitle "WIM"]
[BlackTitle "WIM"]
[WhiteElo "2161"]
[BlackElo "2311"]
[WhiteTeam "Offerspill Chess Club"]
[BlackTeam "Wood Green"]
[WhiteFideId "11602252"]
[BlackFideId "8610835"]
[EventDate "2023.10.01"]

1. d4 Nf6 2. c4 e6 3. Nf3 d5 4. Nc3 Bb4 5. Bg5 Nbd7 6. e3 c5 7. Bd3 Qa5 8. O-O
cxd4 9. exd4 O-O 10. Qc2 dxc4 11. Bxc4 h6 12. Bh4 a6 13. Ne4 b5 14. Bd3 Bb7 15.
Nxf6+ Nxf6 16. Bxf6 gxf6 17. Be4 Rac8 18. Qe2 Qc7 19. Rad1 Bxe4 20. Qxe4 Qc2 21.
Rd3 f5 22. Qe3 f4 23. Qe4 Bd6 24. Ne1 Qc4 25. Rh3 Kg7 26. b3 Qc6 27. Qe2 Qd5 28.
Qg4+ Qg5 29. Qe2 Qg6 30. Nd3 Kh7 31. Rf3 Rg8 32. g3 Qf5 33. Re1 Rg6 34. Qe4 Qxe4
35. Rxe4 fxg3 36. fxg3 Kg8 37. Kf2 Rg5 38. Re2 Rd5 39. Ne5 Rc7 40. Rf4 Kg7 41.
Rg4+ Kh7 42. Nf3 Rc3 43. Rge4 Ba3 44. Rf4 Kg7 45. Rg4+ Kf8 46. Rf4 Bc1 47. Nd2
Rc2 48. Ke1 Rxa2 49. Rh4 Kg7 50. Rg4+ Kf8 51. Rh4 Ra1 52. Kf2 Rf5+ 53. Nf3 Ra3
54. Kg2 Rxb3 55. Ne5 Rb2 56. Re4 Ke7 57. g4 Rf4 58. Rxb2 Rxe4 59. Rc2 Bg5 60.
Rc7+ Kd8 61. Ra7 Kc8 62. Rxa6 Rxd4 63. h3 Kb7 64. Ra5 Kb6 65. Ra8 f6 66. Nf3 Rd6
67. h4 Bf4 68. h5 b4 69. Rf8 e5 70. Nh4 Kb5 71. Nf5 Rb6 72. Ne7 b3 73. Nd5 b2
74. Nc3+ Kb4 75. Nb1 Kb3 76. Kf3 Rc6 77. Ra8 Rc1 78. Na3 Ra1 0-1

[Event "27th ECC Women 2023"]
[Site "Durres ALB"]
[Date "2023.10.05"]
[Round "5.7"]
[Board "3"]
[White "Hunt, Harriet V"]
[Black "Nilssen, Ellen Fredericia"]
[Result "1/2-1/2"]
[WhiteTitle "IM"]
[BlackTitle "WFM"]
[WhiteElo "2316"]
[BlackElo "2161"]
[WhiteTeam "Wood Green"]
[BlackTeam "Offerspill Chess Club"]
[WhiteFideId "403512"]
[BlackFideId "1441230"]
[EventDate "2023.10.01"]

1. e4 e6 2. Qe2 c5 3. Nf3 Nc6 4. g3 e5 5. Bg2 Nf6 6. O-O Be7 7. c3 O-O 8. Na3
Re8 9. d3 h6 10. Nc4 Bf8 11. a4 d6 12. Re1 Be6 13. Bd2 a6 14. Nh4 b5 15. Ne3 Na5
16. axb5 axb5 17. Nd5 Bxd5 18. exd5 Nb3 19. Rxa8 Qxa8 20. Be3 Qa2 21. h3 Rb8 22.
Nf5 b4 23. g4 Na1 24. c4 Nb3 25. g5 hxg5 26. Bxg5 Nh7 27. Ne7+ Bxe7 28. Bxe7 Nd4
29. Qh5 g6 30. Qg4 Nf5 31. Bg5 Nxg5 32. Qxg5 Qxb2 33. Be4 Ng7 34. Qe7 Qd2 35.
Rf1 b3 36. Qxd6 Re8 37. Qxc5 Qg5+ 38. Kh1 b2 39. Qb5 Qc1 1/2-1/2

[Event "27th ECC Women 2023"]
[Site "Durres ALB"]
[Date "2023.10.05"]
[Round "5.7"]
[Board "4"]
[White "Janzelj, Lara"]
[Black "Toma, Katarzyna"]
[Result "1-0"]
[WhiteTitle "WIM"]
[BlackTitle "WGM"]
[WhiteElo "2143"]
[BlackElo "2224"]
[WhiteTeam "Offerspill Chess Club"]
[BlackTeam "Wood Green"]
[WhiteFideId "14608391"]
[BlackFideId "1119907"]
[EventDate "2023.10.01"]

1. d4 Nf6 2. c4 e6 3. g3 d5 4. Bg2 c6 5. Qc2 a5 6. Nf3 Nbd7 7. O-O Be7 8. Rd1
O-O 9. Nbd2 b5 10. b3 Ba6 11. a4 bxc4 12. bxc4 c5 13. e4 cxd4 14. Nxd4 Rc8 15.
exd5 Nxd5 16. Ba3 Bxa3 17. Rxa3 Nb4 18. Qc1 Ne5 19. Nb5 Nxc4 20. Nxc4 Rxc4 21.
Qb1 Qb6 22. Be4 f5 23. Bg2 f4 24. Rf3 Bb7 25. Nd6 Bxf3 26. Nxc4 Qc5 27. Bxf3
fxg3 28. hxg3 Rxf3 29. Rd8+ Rf8 30. Rxf8+ Kxf8 31. Qe4 Qd5 32. Qf4+ 1-0

[Event "27th ECC Women 2023"]
[Site "Durres ALB"]
[Date "2023.10.06"]
[Round "6.1"]
[Board "1"]
[White "Stefanova, Antoaneta"]
[Black "Milliet, Sophie"]
[Result "1-0"]
[WhiteTitle "GM"]
[BlackTitle "IM"]
[WhiteElo "2424"]
[BlackElo "2391"]
[WhiteTeam "Teuta"]
[BlackTeam "ASD Pedone Isolano"]
[WhiteFideId "2902257"]
[BlackFideId "623725"]
[EventDate "2023.10.01"]

1. d4 Nf6 2. c4 e6 3. Nf3 Bb4+ 4. Nbd2 d5 5. Qa4+ Nc6 6. e3 a5 7. Be2 Bd7 8. Qc2
dxc4 9. Bxc4 Bd6 10. e4 e5 11. dxe5 Bxe5 12. Nxe5 Nxe5 13. Be2 O-O 14. O-O Bc6
15. f3 Qd4+ 16. Kh1 a4 17. Nc4 Nxc4 18. Qxc4 Qe5 19. Qc3 Qh5 20. Re1 Rfe8 21.
Bf4 Re7 22. Bg3 Rae8 23. e5 Qh6 24. Bc4 Nh5 25. Bh4 g5 26. Bf2 Nf4 27. Bc5 Rd7
28. Be3 Nd5 29. Bxd5 Rxd5 30. Bf2 Qe6 31. Bg3 Red8 32. Kg1 Rd2 33. Qe3 h6 34.
Re2 R8d3 35. Qxd2 Rxd2 36. Rxd2 h5 37. h3 h4 38. Bh2 Bd5 39. a3 c6 40. Kh1 b5
41. Rad1 Kh7 42. Rc1 Qh6 43. Rd4 Qg6 44. Kg1 Qf5 45. Kf2 Qg6 46. Ke3 Qe6 47. Kd2
Bxf3 48. gxf3 Qxh3 49. Bg1 Qxf3 50. Re1 Qg2+ 51. Kc1 h3 52. Rd2 Qf3 53. Rf2 Qd5
54. Bh2 g4 55. Ref1 Qc4+ 56. Kb1 g3 57. Rxf7+ Kg8 58. Bxg3 Qd3+ 59. Ka1 b4 60.
R7f3 Qd4 61. axb4 Qxb4 62. Be1 Qc5 63. Rg3+ Kh7 64. Rxh3+ Kg6 65. Rg3+ 1-0

[Event "27th ECC Women 2023"]
[Site "Durres ALB"]
[Date "2023.10.06"]
[Round "6.1"]
[Board "2"]
[White "Gueci, Tea"]
[Black "Socko, Monika"]
[Result "0-1"]
[WhiteTitle "WIM"]
[BlackTitle "GM"]
[WhiteElo "2149"]
[BlackElo "2380"]
[WhiteTeam "ASD Pedone Isolano"]
[BlackTeam "Teuta"]
[WhiteFideId "872342"]
[BlackFideId "1106619"]
[EventDate "2023.10.01"]

1. e4 c6 2. d4 d5 3. e5 c5 4. dxc5 e6 5. a3 Bxc5 6. Qg4 Ne7 7. Bd3 Nbc6 8. Nf3
Ng6 9. O-O f5 10. exf6 Qxf6 11. Qh5 Ne7 12. Bg5 Qf7 13. Nbd2 Ne5 14. Qxf7+ Nxf7
15. Rae1 Nc6 16. Bf4 O-O 17. b4 Bb6 18. c4 Bd7 19. c5 Bd8 20. b5 Na5 21. Nd4 Rc8
22. Nxe6 Bxe6 23. Rxe6 Rxc5 24. Rfe1 Rc3 25. Bb1 Rxa3 26. Nf3 Nc4 27. Re8 Ba5
28. Rxf8+ Kxf8 29. Rd1 Ra1 30. Rc1 g6 31. Bd3 Rxc1+ 32. Bxc1 Bc3 33. Kf1 a5 34.
bxa6 bxa6 35. Ke2 a5 36. Bxc4 dxc4 37. Kd1 Ke7 38. Kc2 Bb4 39. Nd4 Kd6 40. f4
Kd5 41. Ne2 Nd6 42. g4 Ke4 43. Ng3+ Kf3 44. f5 Kxg4 45. f6 h5 46. Ne2 Kf5 47.
Bb2 Ne4 0-1

[Event "27th ECC Women 2023"]
[Site "Durres ALB"]
[Date "2023.10.06"]
[Round "6.1"]
[Board "3"]
[White "Cyfka, Karina"]
[Black "Grimaldi, Angela Flavia"]
[Result "1-0"]
[WhiteTitle "IM"]
[BlackTitle "WFM"]
[WhiteElo "2350"]
[BlackElo "1987"]
[WhiteTeam "Teuta"]
[BlackTeam "ASD Pedone Isolano"]
[WhiteFideId "1122681"]
[BlackFideId "2805214"]
[EventDate "2023.10.01"]

1. Nf3 c5 2. g3 g6 3. Bg2 Bg7 4. O-O Nc6 5. d3 d6 6. e4 e5 7. Nbd2 Nge7 8. a4
O-O 9. Nc4 b6 10. Nh4 d5 11. exd5 Nxd5 12. Re1 Be6 13. Nf3 Qc7 14. Ng5 Qd7 15.
Nxe6 Qxe6 16. f4 f6 17. a5 b5 18. Ne3 Nxe3 19. Bxe3 Qd6 20. Qf3 Nb4 21. Rac1
Rad8 22. f5 Nd5 23. Bf2 Rfe8 24. fxg6 hxg6 25. h4 Bh6 26. Ra1 Nb4 27. Re2 Re7
28. h5 Rg7 29. hxg6 Rxg6 30. Qe4 Kg7 31. Qb7+ Rd7 32. Qxb5 Rc7 33. Rae1 Nd5 34.
Qc4 Ne7 35. Re4 Nf5 36. Rg4 Nd4 37. Rxg6+ Kxg6 38. Qg8+ Rg7 39. Qe8+ Rf7 40. c3
Ne6 41. Qg8+ Bg7 42. Qe8 Ng5 43. Qb5 Bf8 44. Be3 Rd7 45. Bxg5 Kxg5 46. Qc4 f5
47. Qh4+ Kg6 48. g4 Rh7 49. gxf5+ Kg7 50. Qg3+ 1-0

[Event "27th ECC Women 2023"]
[Site "Durres ALB"]
[Date "2023.10.06"]
[Round "6.1"]
[Board "4"]
[White "Martinelli, Valeria"]
[Black "Caku, Kler"]
[Result "1-0"]
[WhiteElo "2008"]
[BlackElo "1697"]
[WhiteTeam "ASD Pedone Isolano"]
[BlackTeam "Teuta"]
[WhiteFideId "2873252"]
[BlackFideId "4704703"]
[EventDate "2023.10.01"]

1. c4 e5 2. Nc3 Nf6 3. g3 d6 4. Bg2 Nc6 5. e3 Be6 6. Nd5 Be7 7. Ne2 O-O 8. Nec3
Bxd5 9. cxd5 Nb4 10. O-O Nd3 11. Qc2 Nxc1 12. Raxc1 a6 13. b4 Nd7 14. Nd1 Rc8
15. Bh3 c6 16. Qa4 f5 17. dxc6 Nb6 18. Qa5 Rxc6 19. Rxc6 bxc6 20. Qxa6 Qc7 21.
Qd3 e4 22. Qb3+ d5 23. Nb2 Bf6 24. Rc1 Bxb2 25. Qxb2 Nc4 26. Qd4 Qb7 27. Bf1 Nb6
28. b5 cxb5 29. Bxb5 Rc8 30. Rxc8+ Nxc8 31. Qc5 Ne7 32. a4 Kf7 33. a5 Qc8 34.
Qxc8 Nxc8 35. Bd7 Na7 36. Bxf5 g6 37. Bg4 Ke7 38. Kg2 Kd6 39. Be2 Ke5 40. d3 d4
41. exd4+ Kxd4 42. dxe4 Kxe4 43. Bf3+ Kd4 44. Bb7 Nb5 45. Kf3 Na7 46. Kf4 h6 47.
h4 Nb5 48. a6 Na7 49. g4 Nb5 50. h5 gxh5 51. gxh5 Na7 52. Kf5 Nb5 53. Ke6 Kc5
54. f4 Nd4+ 55. Ke5 Nb5 56. f5 Na7 57. f6 1-0

[Event "27th ECC Women 2023"]
[Site "Durres ALB"]
[Date "2023.10.06"]
[Round "6.2"]
[Board "1"]
[White "Ushenina, Anna"]
[Black "Batsiashvili, Nino"]
[Result "0-1"]
[WhiteTitle "GM"]
[BlackTitle "GM"]
[WhiteElo "2434"]
[BlackElo "2475"]
[WhiteTeam "SP Gaz Ukraine"]
[BlackTeam "Superchess"]
[WhiteFideId "14110911"]
[BlackFideId "13602993"]
[EventDate "2023.10.01"]

1. d4 d5 2. c4 e6 3. Nc3 Nf6 4. Bg5 Be7 5. e3 h6 6. Bxf6 Bxf6 7. Nf3 O-O 8. Rc1
b6 9. cxd5 exd5 10. Bd3 Bb7 11. O-O c5 12. Bb1 Nd7 13. Qc2 g6 14. Rfd1 Rc8 15.
Qd2 Bg7 16. Nb5 Ra8 17. Nc3 Nf6 18. dxc5 bxc5 19. Na4 c4 20. Nd4 Qe7 21. b3 Rac8
22. Qa5 Ng4 23. h3 Nxe3 24. Qe1 Nf5 25. Bxf5 Qxe1+ 26. Rxe1 gxf5 27. Nxf5 Rc7
28. Nxg7 Kxg7 29. f3 Rfc8 30. Kf2 Bc6 31. Nc3 d4 32. Ne4 c3 33. Red1 Rd7 34. Nc5
Rd5 35. Nd3 a5 36. Nf4 Rd7 37. Nd3 Bb5 38. a3 c2 39. Rd2 Rc3 40. Nf4 d3 41. a4
Ba6 42. Nh5+ Kg6 43. g4 Rxb3 44. f4 f5 45. Rcxc2 dxc2 46. Rxd7 Rb7 47. Rd6+ Kf7
48. Rc6 Bd3 49. g5 hxg5 50. fxg5 Ke7 51. g6 Be4 52. Rc4 Rb4 53. Rc8 Rb8 54. Rc4
Bd3 55. Rc3 Rb2 56. Ke3 Rb3 57. Rc7+ Kd6 58. Rxc2 Bxc2+ 59. Kf4 Rxh3 60. g7 Rh4+
61. Kg5 Rg4+ 62. Kf6 Bxa4 63. Kxf5 Bd7+ 64. Kf6 a4 65. Kf7 Be6+ 66. Kf8 a3 67.
Nf6 Rf4 0-1

[Event "27th ECC Women 2023"]
[Site "Durres ALB"]
[Date "2023.10.06"]
[Round "6.2"]
[Board "3"]
[White "Daulyte-Cornette, Deimante"]
[Black "Bulmaga, Irina"]
[Result "0-1"]
[WhiteTitle "IM"]
[BlackTitle "IM"]
[WhiteElo "2360"]
[BlackElo "2423"]
[WhiteTeam "SP Gaz Ukraine"]
[BlackTeam "Superchess"]
[WhiteFideId "12802859"]
[BlackFideId "13903063"]
[EventDate "2023.10.01"]

1. e4 e5 2. Nf3 Nc6 3. Bb5 a6 4. Ba4 Nf6 5. O-O Be7 6. d3 b5 7. Bb3 O-O 8. a4 b4
9. a5 d6 10. Nbd2 Be6 11. Nc4 Rb8 12. c3 Qc8 13. Re1 Qb7 14. Bc2 b3 15. Bb1 Nxe4
16. Rxe4 d5 17. Re1 dxc4 18. dxc4 Bxc4 19. Nxe5 Nxe5 20. Qh5 f5 21. Rxe5 g6 22.
Qh3 Bf6 23. Re1 Rbe8 24. Be3 f4 25. Qg4 Bg7 26. Bd2 Qd5 27. Qd1 Rd8 28. Ra4 Bb5
29. c4 Bxc4 30. Be4 Qf7 31. Qc1 Bb5 32. Ra1 Bd4 33. Bc3 c5 34. Bxd4 cxd4 35. Qd2
d3 36. Rac1 Rd6 37. Rc3 Re8 38. f3 Red8 39. Kh1 Kg7 40. Rec1 R8d7 41. Rc5 Qf6
42. R5c3 Qd4 43. h3 Qe3 44. Rd1 Qe2 45. Rcc1 Qxd2 46. Rxd2 Rd4 47. Rc3 Bc4 48.
Kg1 Kf6 49. Bc6 Re7 50. Be4 Re5 51. Kf2 Rxa5 52. Bxd3 Rad5 53. Ke2 Bb5 54. Rxb3
Re5+ 55. Kf1 Re3 56. Bxb5 Rxd2 57. Rxe3 fxe3 58. Bxa6 Rf2+ 59. Kg1 Rxb2 60. h4
Ke5 0-1